[Event "2021 FIDE Online Olympiad"]
[Site "Chess.com"]
[Date "2021.08.29"]
[Round "8.4"]
[White "Botlhole, Kgalalelo"]
[Black "Gonchar, Svitlana"]
[Result "1-0"]
[WhiteElo "1794"]
[BlackElo "1702"]
[PlyCount "41"]
[EventDate "2021.08.27"]
[EventType "team"]
[EventRounds "9"]
[SourceVersionDate "2018.05.14"]
[WhiteTeam "Botswana"]
[BlackTeam "ICCD"]
[WhiteTeamCountry "BOT"]

1. d4 Nf6 2. c4 e6 3. Nf3 d5 4. Nc3 Be7 5. Bf4 c6 6. e3 O-O 7. Bd3 dxc4 8. Bxc4
Bd6 9. Bg5 Nbd7 10. O-O Qc7 11. e4 Bf4 12. Bh4 b6 13. Qe2 Bb7 14. Bg3 Bxg3 15.
hxg3 Rac8 16. Rac1 c5 17. Nb5 Qb8 18. dxc5 Nxc5 19. e5 Nd5 20. Nd6 Rcd8 21.
Rfd1 1-0

[Event "2021 FIDE Online Olympiad"]
[Site "Chess.com"]
[Date "2021.08.29"]
[Round "8.5"]
[White "Piekielny, Pawel"]
[Black "Mokgathi, Kebonyephenyo"]
[Result "1-0"]
[WhiteElo "1838"]
[BlackElo "1587"]
[PlyCount "73"]
[EventDate "2021.08.27"]
[EventType "team"]
[EventRounds "9"]
[SourceVersionDate "2018.05.14"]
[WhiteTeam "ICCD"]
[BlackTeam "Botswana"]
[BlackTeamCountry "BOT"]

1. e4 c6 2. d4 d5 3. Nc3 dxe4 4. Nxe4 Nf6 5. Nxf6+ exf6 6. c3 Bf5 7. Bc4 Bd6 8.
Qf3 Bg6 9. Ne2 O-O 10. O-O Re8 11. Ng3 Qc7 12. Bd2 a5 13. Rfe1 Nd7 14. a4 Nb6
15. Bb3 h6 16. Kh1 Qd7 17. h4 Bxg3 18. Qxg3 Kh7 19. Qf3 h5 20. Rad1 Rxe1+ 21.
Rxe1 c5 22. Be3 c4 23. Bd1 Re8 24. b3 cxb3 25. Bxb3 Nxa4 26. Bxa4 Qxa4 27. Qxb7
Qc4 28. Qa7 Qxc3 29. Rc1 Qb4 30. Qc5 Rb8 31. Rc4 Qb1+ 32. Rc1 Qb4 33. Rc4 Qa3
34. Qxa3 Rb1+ 35. Kh2 Rb5 36. Rc5 Rb8 37. Rxa5 1-0

[Event "2021 FIDE Online Olympiad"]
[Site "Chess.com"]
[Date "2021.08.29"]
[Round "8.1"]
[White "Alqwasma, Mohamed"]
[Black "Jere, Daniel"]
[Result "0-1"]
[WhiteElo "1732"]
[BlackElo "2397"]
[PlyCount "64"]
[EventDate "2021.08.27"]
[EventType "team"]
[EventRounds "9"]
[SourceVersionDate "2018.05.14"]
[WhiteTeam "Palestine"]
[BlackTeam "Zambia"]
[WhiteTeamCountry "PLE"]
[BlackTeamCountry "ZAM"]

1. Nf3 Nf6 2. g3 b6 3. Bg2 Bb7 4. O-O c5 5. d3 e6 6. Nbd2 Be7 7. Re1 d6 8. e4
Nbd7 9. h4 Qc7 10. c3 O-O 11. Nf1 c4 12. Bg5 cxd3 13. Qxd3 Nc5 14. Qc4 Nfxe4
15. b4 Nxg5 16. hxg5 d5 17. Qf4 Qxf4 18. gxf4 Nd3 19. Red1 Nxf4 20. c4 Bxb4 21.
cxd5 Bxd5 22. Ne3 Be4 23. Kh2 Rad8 24. Rdc1 Bd6 25. Kh1 Bc5 26. a4 f6 27. gxf6
Nxg2 28. Kxg2 Rxf6 29. a5 Rxf3 30. Kg1 Rd2 31. Rf1 Bxe3 32. fxe3 Rg3# 0-1

[Event "2021 FIDE Online Olympiad"]
[Site "Chess.com"]
[Date "2021.08.29"]
[Round "8.2"]
[White "Simutowe, Musatwe"]
[Black "Safeya, Zakareya A"]
[Result "1-0"]
[WhiteElo "2101"]
[BlackElo "1889"]
[PlyCount "115"]
[EventDate "2021.08.27"]
[EventType "team"]
[EventRounds "9"]
[SourceVersionDate "2018.05.14"]
[WhiteTeam "Zambia"]
[BlackTeam "Palestine"]
[WhiteTeamCountry "ZAM"]
[BlackTeamCountry "PLE"]

1. e4 c5 2. Nf3 d6 3. Bb5+ Nc6 4. O-O Bd7 5. Re1 e5 6. c3 a6 7. Bf1 Bg4 8. h3
Bh5 9. d3 Nf6 10. Nbd2 Be7 11. Nc4 b5 12. Ne3 O-O 13. Nf5 Re8 14. Nxe7+ Qxe7
15. Be2 Bxf3 16. Bxf3 h6 17. Be3 Rab8 18. Qd2 b4 19. Qc2 Rb6 20. Qa4 Qb7 21.
Rad1 bxc3 22. bxc3 Rb8 23. Kh2 Rb2 24. Kg1 Qb5 25. Qa3 Qa5 26. Qxa5 Nxa5 27.
Ra1 Nc6 28. Rec1 a5 29. Bd1 Kf8 30. Ba4 Nd8 31. Kf1 Ke7 32. Re1 R2b7 33. Kg1
Nd7 34. f4 Ne6 35. fxe5 Nxe5 36. d4 Nd3 37. Rf1 c4 38. Bc2 Nb2 39. Rf5 a4 40.
Ra5 Kd7 41. Bxa4+ Nxa4 42. Rxa4 Rc8 43. Rc1 Rb2 44. Ra7+ Ke8 45. a4 Ra2 46. a5
Nc7 47. Rb1 Ra3 48. Rbb7 Kd8 49. Bf4 Rxc3 50. Bxd6 Rc1+ 51. Kh2 c3 52. Bxc7+
Rxc7 53. Rxc7 c2 54. Rc4 Rd1 55. Rxc2 Rxd4 56. Rxf7 Rxe4 57. Rxg7 Ra4 58. Rb2
1-0

[Event "2021 FIDE Online Olympiad"]
[Site "Chess.com"]
[Date "2021.08.29"]
[Round "8.3"]
[White "Zalloum, Sara"]
[Black "Mwango, Lorita"]
[Result "0-1"]
[WhiteElo "1000"]
[BlackElo "1874"]
[PlyCount "68"]
[EventDate "2021.08.27"]
[EventType "team"]
[EventRounds "9"]
[SourceVersionDate "2018.05.14"]
[WhiteTeam "Palestine"]
[BlackTeam "Zambia"]
[WhiteTeamCountry "PLE"]
[BlackTeamCountry "ZAM"]

1. d4 d5 2. e3 Nf6 3. f4 Bg4 4. Be2 Bxe2 5. Qxe2 c6 6. Nf3 Nbd7 7. Ne5 Ne4 8.
Nd2 Ndf6 9. h3 e6 10. Nxe4 Nxe4 11. Rg1 Qh4+ 12. Kd1 Nf2+ 13. Kd2 Ne4+ 14. Kd1
Bb4 15. Nd3 Ba5 16. Qf1 O-O-O 17. c3 Kb8 18. Bd2 Rc8 19. Be1 Qh5+ 20. Qe2 Qh6
21. Kc2 Bb6 22. Rd1 c5 23. Nf2 cxd4 24. exd4 Ng3 25. Qd3 Qxf4 26. Rd2 Ka8 27.
Ng4 Ne4 28. Rd1 Qc7 29. Nf2 Nd6 30. Ne4 Nxe4 31. Qf3 Rhf8 32. Rf1 f5 33. Bh4 g5
34. Be1 h6 0-1

[Event "2021 FIDE Online Olympiad"]
[Site "Chess.com"]
[Date "2021.08.29"]
[Round "8.4"]
[White "Mbatha, Constance"]
[Black "Dawabsheh, Alai"]
[Result "1-0"]
[WhiteElo "1705"]
[BlackElo "1462"]
[PlyCount "171"]
[EventDate "2021.08.27"]
[EventType "team"]
[EventRounds "9"]
[SourceVersionDate "2018.05.14"]
[WhiteTeam "Zambia"]
[BlackTeam "Palestine"]
[WhiteTeamCountry "ZAM"]
[BlackTeamCountry "PLE"]

1. e4 d5 2. exd5 Qxd5 3. Nf3 e6 4. Nc3 Qd8 5. d4 a6 6. Be3 h6 7. Be2 Nf6 8. O-O
Be7 9. h3 Nc6 10. Rc1 Qd6 11. a3 b6 12. Qd3 Bb7 13. Rfd1 Rd8 14. Ne4 Qd5 15.
Nxf6+ Bxf6 16. c4 Qf5 17. Qxf5 exf5 18. d5 Ne7 19. b3 Bb2 20. Rc2 Bxa3 21. Bf4
Bd6 22. Be3 O-O 23. Bd3 Bc8 24. Re2 Ng6 25. Nd4 f4 26. Bd2 Rde8 27. Rde1 Ne5
28. Bc2 g5 29. Kf1 f6 30. Nc6 Bd7 31. Nd4 Re7 32. Nf5 Bxf5 33. Bxf5 Kg7 34. Be6
c6 35. Bc3 cxd5 36. Bxd5 Rc7 37. Ra1 a5 38. Bd4 Rb8 39. f3 Re7 40. Rae1 Bb4 41.
Rd1 b5 42. cxb5 Rxb5 43. Bc4 Rbb7 44. Bxe5 Rxe5 45. Rxe5 fxe5 46. Rd5 Re7 47.
Ke2 e4 48. fxe4 Rxe4+ 49. Kf3 Re3+ 50. Kg4 Rg3+ 51. Kh5 f3 52. Rd7+ Kf6 53.
Rf7+ Ke5 54. Rxf3 Rxg2 55. Kxh6 Ke4 56. Rd3 g4 57. h4 g3 58. Kg5 Be7+ 59. Kg4
Rg1 60. Rd7 g2 61. Rxe7+ Kd4 62. Re2 Kc3 63. Kg3 a4 64. bxa4 Kxc4 65. Rxg2 Rh1
66. Kg4 Kb4 67. Ra2 Rg1+ 68. Kh5 Kb3 69. Rh2 Kxa4 70. Kh6 Kb5 71. h5 Kc6 72.
Kh7 Kd7 73. h6 Ke7 74. Rf2 Rg3 75. Rf5 Ke6 76. Rf8 Ke7 77. Rg8 Rh3 78. Rg6 Kf7
79. Ra6 Rg3 80. Ra7+ Kf6 81. Kh8 Rg6 82. h7 Rh6 83. Ra6+ Kg5 84. Rxh6 Kxh6 85.
Kg8 Kg6 86. h8=Q 1-0

[Event "2021 FIDE Online Olympiad"]
[Site "Chess.com"]
[Date "2021.08.29"]
[Round "8.5"]
[White "Abed Elwahab, Masoud"]
[Black "Mwape, Mwewa"]
[Result "1-0"]
[WhiteElo "1830"]
[BlackElo "1798"]
[PlyCount "97"]
[EventDate "2021.08.27"]
[EventType "team"]
[EventRounds "9"]
[SourceVersionDate "2018.05.14"]
[WhiteTeam "Palestine"]
[BlackTeam "Zambia"]
[WhiteTeamCountry "PLE"]
[BlackTeamCountry "ZAM"]

1. b3 d5 2. Bb2 Bf5 3. d3 Nf6 4. Nd2 e6 5. g3 c5 6. Bg2 Nc6 7. e4 dxe4 8. Nxe4
Bxe4 9. dxe4 Qa5+ 10. Qd2 Qxd2+ 11. Kxd2 O-O-O+ 12. Kc1 Be7 13. h3 Rd7 14. e5
Nd5 15. Ne2 Bd8 16. Nc3 Nde7 17. Ne4 Bb6 18. Nd6+ Kb8 19. f4 Nd5 20. Rd1 Ne3
21. Bxc6 bxc6 22. Rd3 Nd5 23. Ba3 f6 24. Nc4 Rhd8 25. Kb2 Nb4 26. Rxd7 Rxd7 27.
c3 Nd3+ 28. Kc2 Nf2 29. Rf1 Nxh3 30. Rh1 Nf2 31. Rxh7 f5 32. Nd6 Ne4 33. Rh8+
Bd8 34. Nxe4 fxe4 35. Bxc5 Kb7 36. Bd4 Bb6 37. Re8 Bxd4 38. cxd4 Rxd4 39. Kc3
Rd1 40. Kc2 Rd7 41. Rxe6 e3 42. Rd6 Rxd6 43. exd6 Kc8 44. Kd3 Kd7 45. Kxe3 Kxd6
46. Ke4 a5 47. g4 Kc5 48. f5 Kd6 49. g5 1-0

[Event "2021 FIDE Online Olympiad"]
[Site "Chess.com"]
[Date "2021.08.29"]
[Round "8.6"]
[White "Simwaka, Walusungu Nozyani"]
[Black "Ahamoury, Roya"]
[Result "1-0"]
[WhiteElo "1329"]
[BlackElo "1440"]
[PlyCount "119"]
[EventDate "2021.08.27"]
[EventType "team"]
[EventRounds "9"]
[SourceVersionDate "2018.05.14"]
[WhiteTeam "Zambia"]
[BlackTeam "Palestine"]
[WhiteTeamCountry "ZAM"]
[BlackTeamCountry "PLE"]

1. e4 e5 2. Nf3 Nc6 3. Bc4 Bc5 4. b4 Bxb4 5. c3 Bc5 6. O-O d6 7. d4 exd4 8.
cxd4 Bb6 9. Nc3 Bg4 10. Be3 Nf6 11. e5 dxe5 12. dxe5 Bxf3 13. Qxd8+ Rxd8 14.
exf6 Bh5 15. fxg7 Rg8 16. Ne4 Bxe3 17. Nf6+ Ke7 18. fxe3 Bg6 19. Nxg8+ Rxg8 20.
Bd5 Nd8 21. Rac1 c6 22. Bc4 Rxg7 23. Rcd1 Be4 24. g3 Ne6 25. Bxe6 fxe6 26. Rd4
Bd5 27. Ra4 a6 28. e4 b5 29. Rxa6 Kd6 30. exd5 Kxd5 31. Rd1+ Ke5 32. Rxc6 Re7
33. Rc5+ Ke4 34. Rxb5 e5 35. Re1+ Kd4 36. a4 e4 37. Rb4+ Kd3 38. Rb2 Ra7 39.
Ra2 Kd4 40. Ree2 e3 41. Kg2 Kd3 42. h3 Rxa4 43. Rxe3+ Kxe3 44. Rxa4 h6 45. Rh4
Kd3 46. Rxh6 Ke4 47. Rg6 Kf5 48. Ra6 Kg5 49. h4+ Kh5 50. Ra5+ Kg6 51. g4 Kh6
52. g5+ Kg6 53. h5+ Kxh5 54. Kf3 Kg6 55. Kg4 Kg7 56. Kh5 Kh7 57. g6+ Kg7 58.
Ra7+ Kh8 59. Kh6 Kg8 60. Ra8# 1-0

[Event "2021 FIDE Online Olympiad"]
[Site "Chess.com"]
[Date "2021.08.29"]
[Round "9.1"]
[White "Jere, Daniel"]
[Black "Makolli, Perparim"]
[Result "1-0"]
[WhiteElo "2397"]
[BlackElo "2289"]
[PlyCount "95"]
[EventDate "2021.08.27"]
[EventType "team"]
[EventRounds "9"]
[SourceVersionDate "2018.05.14"]
[WhiteTeam "Zambia"]
[BlackTeam "Kosovo"]
[WhiteTeamCountry "ZAM"]
[BlackTeamCountry "KOS"]

1. c4 c6 2. g3 b5 3. b3 d5 4. Nf3 e6 5. Bb2 Nf6 6. Bg2 Be7 7. O-O O-O 8. Nc3 b4
9. Na4 Nbd7 10. cxd5 cxd5 11. Rc1 Nb6 12. Nc5 Nbd7 13. Nxd7 Bxd7 14. Ne5 Bb5
15. Nc6 Bxc6 16. Rxc6 Qa5 17. Qc2 Qb5 18. d3 a5 19. Rc7 Bd8 20. Rc5 Qb8 21. e4
Bb6 22. Rc6 dxe4 23. dxe4 Qa7 24. e5 Ng4 25. Rc4 Nh6 26. Bxa8 Qxa8 27. Rc1 Qf3
28. Bd4 Bxd4 29. Rxd4 Nf5 30. Rc4 h5 31. Qd1 Qb7 32. Qxh5 Rd8 33. Rc7 Qe4 34.
Qxf7+ Kh7 35. Qh5+ Kg8 36. Rc8 Qd5 37. Qg5 Rxc8 38. Rxc8+ Kh7 39. Qh5+ Nh6 40.
Rc4 Kg8 41. Qg6 Qd7 42. Qc2 Nf5 43. Rc8+ Kh7 44. g4 Qd4 45. Rc4 Qa1+ 46. Kg2
Qxe5 47. gxf5 exf5 48. Rc5 1-0

[Event "2021 FIDE Online Olympiad"]
[Site "Chess.com"]
[Date "2021.08.29"]
[Round "9.2"]
[White "Bardhi, Valmor"]
[Black "Simutowe, Musatwe"]
[Result "1-0"]
[WhiteElo "2171"]
[BlackElo "2101"]
[PlyCount "153"]
[EventDate "2021.08.27"]
[EventType "team"]
[EventRounds "9"]
[SourceVersionDate "2018.05.14"]
[WhiteTeam "Kosovo"]
[BlackTeam "Zambia"]
[WhiteTeamCountry "KOS"]
[BlackTeamCountry "ZAM"]

1. d4 d5 2. c4 c6 3. Nc3 Nf6 4. Nf3 dxc4 5. a4 Bf5 6. Bg5 Nbd7 7. e3 Qb6 8. Qc1
Qb4 9. Bxf6 Nxf6 10. Ne5 e6 11. Nxc4 Be7 12. Be2 O-O 13. O-O Bd8 14. a5 Qe7 15.
a6 b6 16. Bf3 Rc8 17. Ne5 Qe8 18. Nb5 Qe7 19. Nxc6 Rxc6 20. Qxc6 g5 21. e4 Bg6
22. e5 Ne8 23. Qb7 Qb4 24. Nxa7 Nc7 25. Nc6 Qxb2 26. Nxd8 Nxa6 27. Rxa6 Rxd8
28. Qxb6 Qxb6 29. Rxb6 Rxd4 30. h3 h5 31. g3 Kg7 32. Ra1 g4 33. hxg4 hxg4 34.
Bg2 Rd2 35. Rb4 Bh5 36. Rf4 Re2 37. Re4 Rd2 38. Bf1 Kg6 39. Be2 Kf5 40. Rf4+
Kxe5 41. Ra5+ Kd6 42. Rxh5 Rxe2 43. Rxg4 f5 44. Ra4 Ke5 45. Kf1 Rc2 46. Rh6 Rc6
47. Ra1 Kd5 48. Rd1+ Ke5 49. Re1+ Kd5 50. Kg2 Rb6 51. Kf3 Rb3+ 52. Re3 Rb6 53.
Rh8 Ra6 54. Rd8+ Kc5 55. Rc3+ Kb4 56. Rc1 Ra3+ 57. Kf4 Ra2 58. Rb8+ Ka3 59.
Ra8+ Kb2 60. Rxa2+ Kxc1 61. Ke5 Kb1 62. Re2 Kc1 63. Kxe6 Kd1 64. Ra2 Kc1 65.
Kxf5 Kb1 66. Re2 Kc1 67. g4 Kd1 68. Ra2 Kc1 69. g5 Kb1 70. Re2 Kc1 71. f4 Kd1
72. Rh2 Ke1 73. g6 Kf1 74. g7 Kg1 75. Ra2 Kf1 76. g8=Q Ke1 77. Qg1# 1-0

[Event "2021 FIDE Online Olympiad"]
[Site "Chess.com"]
[Date "2021.08.29"]
[Round "9.3"]
[White "Mwango, Lorita"]
[Black "Saraci, Ndriqona"]
[Result "1/2-1/2"]
[WhiteElo "1874"]
[BlackElo "1225"]
[PlyCount "104"]
[EventDate "2021.08.27"]
[EventType "team"]
[EventRounds "9"]
[SourceVersionDate "2018.05.14"]
[WhiteTeam "Zambia"]
[BlackTeam "Kosovo"]
[WhiteTeamCountry "ZAM"]
[BlackTeamCountry "KOS"]

1. d4 d5 2. Nf3 Nf6 3. Bf4 c5 4. c3 e6 5. e3 Bd6 6. Bg3 b6 7. Nbd2 O-O 8. Be2
Bb7 9. O-O Bxg3 10. hxg3 Nc6 11. Rc1 Qd7 12. Ne5 Qe7 13. Ndf3 a6 14. c4 cxd4
15. Nxc6 Bxc6 16. Nxd4 Bb7 17. cxd5 Nxd5 18. Qb3 Qb4 19. Bf3 Qxb3 20. Nxb3 Rab8
21. Rfd1 h6 22. a3 Rbc8 23. Nd4 Rxc1 24. Rxc1 Rc8 25. Rxc8+ Bxc8 26. Bxd5 exd5
27. Kf1 Bd7 28. Ke2 Kf8 29. Kd3 Ke7 30. Nb3 Ke6 31. Kd4 h5 32. Nd2 Bb5 33. b3
g6 34. a4 Be2 35. f3 f6 36. Nb1 Bf1 37. Nc3 Bxg2 38. Nxd5 Bxf3 39. Nxb6 f5 40.
b4 g5 41. Nc4 h4 42. Nd2 Bg2 43. gxh4 gxh4 44. e4 fxe4 45. Nxe4 Bxe4 46. Kxe4
h3 47. Kf3 h2 48. Kg2 h1=Q+ 49. Kxh1 Kd5 50. b5 axb5 51. axb5 Kc5 52. Kg2 Kxb5
1/2-1/2

[Event "2021 FIDE Online Olympiad"]
[Site "Chess.com"]
[Date "2021.08.29"]
[Round "9.4"]
[White "Saraci, Rinesa"]
[Black "Mbatha, Constance"]
[Result "0-1"]
[WhiteElo "1184"]
[BlackElo "1705"]
[PlyCount "170"]
[EventDate "2021.08.27"]
[EventType "team"]
[EventRounds "9"]
[SourceVersionDate "2018.05.14"]
[WhiteTeam "Kosovo"]
[BlackTeam "Zambia"]
[WhiteTeamCountry "KOS"]
[BlackTeamCountry "ZAM"]

1. e4 e5 2. Nf3 d6 3. Bc4 h6 4. h3 Nf6 5. Nc3 Be7 6. d3 c5 7. Nd5 Nxd5 8. Bxd5
O-O 9. O-O Na6 10. Bd2 Nc7 11. Ba5 Rb8 12. Bxc7 Qxc7 13. c3 Be6 14. Bb3 b5 15.
Bxe6 fxe6 16. Rc1 a5 17. d4 exd4 18. cxd4 c4 19. Qd2 d5 20. e5 Rbc8 21. Qe2 Qb6
22. Rc2 b4 23. Rfc1 a4 24. Kh2 Ra8 25. Ra1 Rfb8 26. Rcc1 Ra7 27. Rcb1 Rab7 28.
Qe3 Qc6 29. h4 Qb6 30. g3 Qa5 31. Ne1 Qd8 32. f4 Rc7 33. Kh3 Rbc8 34. Rc1 c3
35. Qe2 cxb2 36. Qxb2 Rc4 37. Qd2 Qc7 38. Nd3 Qb8 39. Nb2 Rxc1 40. Rxc1 a3 41.
Rxc8+ Qxc8 42. Nd3 Qc4 43. Nc1 h5 44. Kg2 Bd8 45. Nb3 Bb6 46. Qd1 g6 47. Kh3
Qc3 48. Kg2 Kg7 49. Kh2 Qb2+ 50. Qd2 Qxd2+ 51. Nxd2 Bxd4 52. Nb3 Bc3 53. Kg2 d4
54. Kf3 Kf7 55. Ke4 Be1 56. Kf3 d3 57. Ke3 Bxg3 58. Kxd3 Bxf4 59. Kc4 Bxe5 60.
Kxb4 Bb2 61. Nc5 Kf6 62. Nd7+ Kf5 63. Nf8 e5 64. Kc4 e4 65. Kb3 e3 66. Kc2 Kf6
67. Kd3 Bc1 68. Nh7+ Kf5 69. Nf8 g5 70. hxg5 Kxg5 71. Ne6+ Kg4 72. Nd4 h4 73.
Ne2 Bd2 74. Kc2 Kf3 75. Nd4+ Kg2 76. Kb3 Bc1 77. Ne2 Bb2 78. Nf4+ Kf3 79. Nd3
e2 80. Ne1+ Kf2 81. Nd3+ Kf1 82. Kc2 e1=Q 83. Nxe1 Kxe1 84. Kd3 h3 85. Ke3 h2
0-1

[Event "2021 FIDE Online Olympiad"]
[Site "Chess.com"]
[Date "2021.08.29"]
[Round "9.5"]
[White "Mwape, Mwewa"]
[Black "Dobraj, Bleron"]
[Result "0-1"]
[WhiteElo "1798"]
[BlackElo "1879"]
[PlyCount "62"]
[EventDate "2021.08.27"]
[EventType "team"]
[EventRounds "9"]
[SourceVersionDate "2018.05.14"]
[WhiteTeam "Zambia"]
[BlackTeam "Kosovo"]
[WhiteTeamCountry "ZAM"]
[BlackTeamCountry "KOS"]

1. e4 c5 2. Nf3 Nc6 3. d4 cxd4 4. Nxd4 d6 5. Nc3 a6 6. Be2 g6 7. Nxc6 bxc6 8.
Qd4 Nf6 9. Bg5 Bg7 10. O-O-O O-O 11. e5 Nd7 12. f4 dxe5 13. fxe5 Bxe5 14. Qe3
Bf6 15. h4 Qa5 16. Bxf6 exf6 17. h5 Qg5 18. Qxg5 fxg5 19. Ne4 Re8 20. Bg4 f5
21. Rxd7 fxe4 22. hxg6 Bxd7 23. gxh7+ Kh8 24. Bxd7 Re7 25. Bf5 Rf8 26. g4 e3
27. Kd1 Rd8+ 28. Bd3 Rd4 29. Rg1 Rxh7 30. Ke2 Rh3 31. Rg2 a5 0-1

[Event "2021 FIDE Online Olympiad"]
[Site "Chess.com"]
[Date "2021.08.29"]
[Round "9.6"]
[White "Recica, Jona"]
[Black "Simwaka, Walusungu Nozyani"]
[Result "0-1"]
[WhiteElo "1000"]
[BlackElo "1329"]
[PlyCount "74"]
[EventDate "2021.08.27"]
[EventType "team"]
[EventRounds "9"]
[SourceVersionDate "2018.05.14"]
[WhiteTeam "Kosovo"]
[BlackTeam "Zambia"]
[WhiteTeamCountry "KOS"]
[BlackTeamCountry "ZAM"]

1. e4 c5 2. Nf3 f5 3. exf5 Nh6 4. d4 Nxf5 5. Nc3 Qa5 6. dxc5 Qxc5 7. Bd3 Nc6 8.
a3 g6 9. O-O Bg7 10. Ne4 Qd5 11. c4 Qg8 12. Re1 Kd8 13. Bg5 d6 14. Bf1 Kc7 15.
Nc3 Kb8 16. Bxe7 Ncxe7 17. Rxe7 h6 18. Nb5 Bxb2 19. Rb1 a6 20. Nc7 Nxe7 21.
Nxa8 Qg7 22. Nb6 Bxa3 23. Qa4 Bc5 24. Nd7+ Ka8 25. Nb6+ Bxb6 26. Rxb6 Nc6 27.
c5 Qc7 28. Bb5 dxc5 29. Rxc6 bxc6 30. Bxc6+ Ka7 31. Bb5 Bb7 32. Nd2 Rc8 33. Bd7
Rd8 34. Bb5 Rxd2 35. h3 Rb2 36. Bd3 Qc6 37. Qa3 Qxg2# 0-1

[Event "2021 FIDE Online Olympiad"]
[Site "Chess.com"]
[Date "2021.08.29"]
[Round "9.1"]
[White "Oatlhotse, Providence"]
[Black "Alqwasma, Mohamed"]
[Result "1-0"]
[WhiteElo "2182"]
[BlackElo "1732"]
[PlyCount "107"]
[EventDate "2021.08.27"]
[EventType "team"]
[EventRounds "9"]
[SourceVersionDate "2018.05.14"]
[WhiteTeam "Botswana"]
[BlackTeam "Palestine"]
[WhiteTeamCountry "BOT"]
[BlackTeamCountry "PLE"]

1. c4 Nf6 2. g3 g6 3. Bg2 Bg7 4. Nc3 O-O 5. d3 d6 6. Rb1 c6 7. e4 e5 8. Nge2
Nbd7 9. O-O Qe7 10. h3 h6 11. Be3 a5 12. Qd2 Kh7 13. Rbe1 Ng8 14. d4 f5 15. f4
a4 16. Qc2 Nb6 17. b3 axb3 18. axb3 Nf6 19. dxe5 dxe5 20. Bxb6 exf4 21. Nxf4
Qb4 22. Bf2 Ra3 23. Rb1 Ne8 24. Nce2 Nd6 25. e5 Ne4 26. Nd3 Qd2 27. Nd4 Ra5 28.
Qxd2 Nxd2 29. Be1 Nxf1 30. Bxa5 Nxg3 31. Re1 Re8 32. Nf3 Re7 33. Nc5 Nh5 34. b4
Bf8 35. Rd1 Nf4 36. Rd8 Ne2+ 37. Kf2 Be6 38. Nxe6 Rxe6 39. Kxe2 Bg7 40. Rd7 b5
41. Bd8 Kg8 42. Kd3 g5 43. Bf6 Bxf6 44. exf6 Rxf6 45. Ne5 bxc4+ 46. Kxc4 f4 47.
Bxc6 h5 48. Bd5+ Kh8 49. Rd8+ Kg7 50. Rg8+ Kh7 51. Rxg5 Kh6 52. h4 Ra6 53. Nf7+
Kh7 54. Be4+ 1-0

[Event "2021 FIDE Online Olympiad"]
[Site "Chess.com"]
[Date "2021.08.29"]
[Round "9.2"]
[White "Safeya, Zakareya A"]
[Black "Mosutha, Thuso"]
[Result "0-1"]
[WhiteElo "1889"]
[BlackElo "1949"]
[PlyCount "68"]
[EventDate "2021.08.27"]
[EventType "team"]
[EventRounds "9"]
[SourceVersionDate "2018.05.14"]
[WhiteTeam "Palestine"]
[BlackTeam "Botswana"]
[WhiteTeamCountry "PLE"]
[BlackTeamCountry "BOT"]

1. d4 Nf6 2. Bf4 d5 3. e3 g6 4. Nf3 Bg7 5. c4 O-O 6. Nc3 c5 7. dxc5 Qa5 8. cxd5
Nxd5 9. Rc1 Nxc3 10. bxc3 Bxc3+ 11. Nd2 Rd8 12. e4 Bd7 13. Qc2 Bb4 14. Bc4 Ba4
15. Bb3 Bxb3 16. axb3 Nc6 17. Rd1 Qb5 18. Qc4 Qxc4 19. bxc4 Rd7 20. Be3 Rad8
21. Ke2 Nd4+ 22. Bxd4 Rxd4 23. f3 Rxd2+ 24. Rxd2 Rxd2+ 25. Ke3 Rxg2 26. h4
Bxc5+ 27. Kf4 h5 28. Rd1 f6 29. e5 Kf7 30. exf6 Kxf6 31. Rd5 b6 32. Ke4 Re2+
33. Kd3 Re3+ 34. Kd2 Rxf3 0-1

[Event "2021 FIDE Online Olympiad"]
[Site "Chess.com"]
[Date "2021.08.29"]
[Round "9.3"]
[White "Gabatshwarwe, Refilwe"]
[Black "Taqwa, Hamouri"]
[Result "1-0"]
[WhiteElo "1667"]
[BlackElo "1116"]
[PlyCount "133"]
[EventDate "2021.08.27"]
[EventType "team"]
[EventRounds "9"]
[SourceVersionDate "2018.05.14"]
[WhiteTeam "Botswana"]
[BlackTeam "Palestine"]
[WhiteTeamCountry "BOT"]
[BlackTeamCountry "PLE"]

1. d4 Nf6 2. Bf4 g6 3. Nc3 Bg7 4. e4 d6 5. Qd2 c6 6. f3 Nbd7 7. O-O-O b5 8. Bh6
Bxh6 9. Qxh6 Qa5 10. Kb1 b4 11. Nce2 Qb6 12. h4 a5 13. g4 Rf8 14. h5 a4 15.
hxg6 hxg6 16. Qd2 a3 17. b3 c5 18. dxc5 Nxc5 19. Nf4 Bb7 20. g5 Nfd7 21. Nd5
Bxd5 22. Qxd5 Rc8 23. Bc4 Ne5 24. f4 Nxc4 25. Qxc4 Qb7 26. Qd5 Qxd5 27. exd5
Ne4 28. Ne2 Nf2 29. Rhf1 Nxd1 30. Rxd1 Rc5 31. Rd4 Rb5 32. c3 bxc3 33. Nxc3 Ra5
34. Rb4 Ra8 35. Nb5 Kd8 36. Nxa3 Rh8 37. Nc2 Rh1+ 38. Kb2 Rd1 39. Rb5 Rd2 40.
Kc3 Rf2 41. Nb4 Rxf4 42. Rb7 Rc8+ 43. Nc6+ Ke8 44. Rxe7+ Kf8 45. Re3 Rf5 46.
Kd4 Rxg5 47. a4 Rg4+ 48. Kd3 Ra8 49. a5 Rg1 50. b4 Rd1+ 51. Kc4 Rc1+ 52. Kb5 f5
53. Kb6 Kf7 54. Kb7 Rg8 55. a6 Ra1 56. b5 f4 57. Rf3 g5 58. b6 Ra4 59. a7 g4
60. Rf1 g3 61. Nb8 g2 62. Rg1 f3 63. a8=Q Rxa8 64. Kxa8 f2 65. Rxg2 Rxg2 66.
Nc6 f1=Q 67. b7 1-0

[Event "2021 FIDE Online Olympiad"]
[Site "Chess.com"]
[Date "2021.08.29"]
[Round "9.4"]
[White "Dawabsheh, Alai"]
[Black "Besa, Masaiti"]
[Result "0-1"]
[WhiteElo "1462"]
[BlackElo "1774"]
[PlyCount "98"]
[EventDate "2021.08.27"]
[EventType "team"]
[EventRounds "9"]
[SourceVersionDate "2018.05.14"]
[WhiteTeam "Palestine"]
[BlackTeam "Botswana"]
[WhiteTeamCountry "PLE"]
[BlackTeamCountry "BOT"]

1. d4 Nf6 2. e3 d5 3. h3 g6 4. Nc3 Bg7 5. Bd3 c5 6. dxc5 Nc6 7. a3 Qa5 8. Bd2
Qxc5 9. Na4 Qd6 10. Nf3 O-O 11. b4 Ne4 12. Rb1 Nxd2 13. Qxd2 e5 14. e4 d4 15.
Nc5 b6 16. Nb3 f5 17. Qe2 Be6 18. O-O fxe4 19. Bxe4 Bd5 20. Bxd5+ Qxd5 21. Rbe1
Rae8 22. Qe4 Qd7 23. b5 Nd8 24. a4 Qc7 25. Re2 Qc4 26. Rfe1 Nf7 27. Qb7 Qxa4
28. Nfxd4 Rb8 29. Qc6 exd4 30. Ra1 Qb4 31. Rxa7 Qc3 32. Qd7 Qc8 33. Qe7 Qe8 34.
Kf1 Qxb5 35. Nc1 Rbe8 36. Qc7 Rxe2 37. Nxe2 Qb1+ 38. Nc1 Qxc1+ 39. Ke2 Re8+ 40.
Kf3 Ng5+ 41. Kg4 h5+ 42. Kh4 Re4+ 43. g4 Nf3+ 44. Kg3 Be5+ 45. Qxe5 Nxe5 46.
Ra8+ Kf7 47. Ra7+ Ke6 48. Rb7 Qf4+ 49. Kh4 Nf3# 0-1

[Event "2021 FIDE Online Olympiad"]
[Site "Chess.com"]
[Date "2021.08.29"]
[Round "9.5"]
[White "Selogelo, Othata"]
[Black "Abed Elwahab, Masoud"]
[Result "1-0"]
[WhiteElo "1707"]
[BlackElo "1830"]
[PlyCount "47"]
[EventDate "2021.08.27"]
[EventType "team"]
[EventRounds "9"]
[SourceVersionDate "2018.05.14"]
[WhiteTeam "Botswana"]
[BlackTeam "Palestine"]
[WhiteTeamCountry "BOT"]
[BlackTeamCountry "PLE"]

1. e4 c5 2. Nf3 g6 3. d4 cxd4 4. Nxd4 Bg7 5. Nc3 Nc6 6. Be3 Nf6 7. Bc4 O-O 8.
Bb3 d6 9. f3 Na5 10. Qd2 b6 11. g4 Ba6 12. h4 h5 13. O-O-O Rc8 14. Nd5 Nxb3+
15. Nxb3 Nxd5 16. exd5 Bc4 17. gxh5 Qc7 18. Rhg1 Bxd5 19. hxg6 e6 20. gxf7+
Rxf7 21. Bh6 Kf8 22. Rxg7 Rxg7 23. Rg1 Bxb3 24. axb3 1-0